[Event "9th Edmonton Int 2014"]
[Site "Edmonton CAN"]
[Date "2014.06.21"]
[Round "1.5"]
[White "Haessel, Dale R."]
[Black "Pechenkin, Vladimir"]
[Result "0-1"]
[WhiteTitle "FM"]
[BlackTitle "FM"]
[WhiteElo "2168"]
[BlackElo "2311"]
[WhiteFideId "2012618"]
[BlackFideId "2013428"]
[EventDate "2014.06.21"]

1. Nf3 e6 2. c4 f5 3. d4 Nf6 4. Nc3 Bb4 5. Qb3 c5 6. g3 Nc6 7. a3 Ba5 8. Be3 Ng4
9. Bg5 Nxd4 10. Nxd4 Qxg5 11. Nb5 O-O 12. e3 Qe7 13. Rd1 d5 14. cxd5 a6 15. d6
Qd7 16. Bc4 Ne5 17. Nc7 Bxc7 18. dxc7 Qc6 19. Kd2 Nxc4+ 20. Qxc4 Qxc7 21. b4 b5
22. Qxc5 Qxc5 23. bxc5 Bb7 24. Rhe1 Rac8 25. Ne2 Rfd8+ 26. Kc3 Rxd1 27. Rxd1 Bf3
28. Rd2 Rxc5+ 29. Kb2 Bxe2 30. Rxe2 Kf7 31. Rd2 Ke7 32. Kb3 Rc4 33. h4 g6 34.
Rd3 h6 35. Rd2 g5 36. hxg5 hxg5 37. Rd1 g4 38. Kb2 Kf6 39. Rd6 Ra4 40. Kb3 Ke5
41. Rb6 Kd5 42. Kb2 Ke4 0-1

[Event "9th Edmonton Int 2014"]
[Site "Edmonton CAN"]
[Date "2014.06.26"]
[Round "6.4"]
[White "Pechenkin, Vladimir"]
[Black "Yam, Alex"]
[Result "1-0"]
[WhiteTitle "FM"]
[WhiteElo "2311"]
[BlackElo "2299"]
[WhiteFideId "2013428"]
[BlackFideId "2608251"]
[EventDate "2014.06.21"]

1. c4 c6 2. g3 d5 3. Nf3 dxc4 4. Bg2 Qd5 5. Nc3 Qh5 6. Qa4 Bh3 7. Bxh3 Qxh3 8.
Qxc4 Nd7 9. Qxf7+ Kxf7 10. Ng5+ Kg6 11. Nxh3 e5 12. d3 Ngf6 13. Ng5 h6 14. Nge4
Nd5 15. Bd2 Be7 16. O-O Rhf8 17. Rac1 Rac8 18. a3 Nc7 19. Na4 Ne6 20. Be3 Nd4
21. Bxd4 exd4 22. Nac5 Nxc5 23. Nxc5 Bxc5 24. Rxc5 Rce8 25. Re1 Rf5 26. Rxf5
Kxf5 27. e4+ Ke6 28. Rc1 Kd6 29. Rc4 c5 30. b4 b6 31. bxc5+ bxc5 32. Ra4 Ra8 33.
Ra6+ Kc7 34. f4 Rb8 35. Rxa7+ Kc6 36. Ra6+ Kb5 37. Rg6 Rb7 38. Kf2 c4 39. dxc4+
Kxc4 40. e5 Kd5 41. Kf3 Rb3+ 42. Kg4 Rb7 43. Rd6+ Ke4 44. e6 g6 45. h4 d3 46. h5
g5 47. fxg5 hxg5 48. Kxg5 Ke3 49. Kf6 d2 50. e7 Rb6 51. e8=Q+ Kf2 52. Qe6 1-0

[Event "9th Edmonton Int 2014"]
[Site "Edmonton CAN"]
[Date "2014.06.28"]
[Round "8.5"]
[White "Haessel, Dale R."]
[Black "Yam, Alex"]
[Result "1/2-1/2"]
[WhiteTitle "FM"]
[WhiteElo "2168"]
[BlackElo "2299"]
[WhiteFideId "2012618"]
[BlackFideId "2608251"]
[EventDate "2014.06.21"]

1. Nf3 e6 2. c4 b6 3. Nc3 Bb7 4. e4 Bb4 5. Qb3 Nc6 6. d4 Qe7 7. a3 Bxc3+ 8. Qxc3
Nf6 9. Bd3 d5 10. e5 Ne4 11. Qc2 O-O-O 12. Be3 f5 13. exf6 gxf6 14. b4 e5 15.
cxd5 Nxd4 16. Bxd4 exd4 17. O-O f5 18. Nxd4 Rxd5 19. Nxf5 Rxf5 20. f3 Re5 21.
fxe4 Bxe4 22. Bxe4 Rxe4 23. Qc6 1/2-1/2